| 000 | 00577nam a22001937a 4500 | ||
|---|---|---|---|
| 005 | 20170825102501.0 | ||
| 010 | _aENG-120026 | ||
| 020 |
_a9788192805856 _c500.00 |
||
| 035 | _aEN-103558 | ||
| 037 | _bDBAD/PUB | ||
| 082 | _a181.499 | ||
| 100 | _aAhuja, Manish | ||
| 245 |
_aSwami Vivekananda : _bhis global vision / _cby Manish Ahuja |
||
| 260 |
_aGuwahati _bMadhurima Books _c2015 |
||
| 270 |
_aKalapahar, Opp. SBI Vinobanagar Branch _bGuwahati _e781018 |
||
| 300 |
_a224p. _c22cm(Hb) |
||
| 500 | _a Includes index | ||
| 942 |
_2ddc _cEN _h181.499 _mAHU |
||
| 999 |
_c143807 _d143807 |
||